The City of Poona A Study in Urban Geography (Record no. 2180)
[ view plain ]
| 000 -LEADER | |
|---|---|
| fixed length control field | 00292nam a2200109Ia 4500 |
| 008 - FIXED-LENGTH DATA ELEMENTS--GENERAL INFORMATION | |
| fixed length control field | 200302s9999 xx 000 0 und d |
| 100 ## - MAIN ENTRY--PERSONAL NAME | |
| Personal name | Shashikant B. Sawant |
| 245 ## - TITLE STATEMENT | |
| Title | The City of Poona A Study in Urban Geography |
| 260 ## - PUBLICATION, DISTRIBUTION, ETC. | |
| Name of publisher, distributor, etc. | G. J. Abghyankar Published |
| 260 ## - PUBLICATION, DISTRIBUTION, ETC. | |
| Date of publication, distribution, etc. | 1978 |
| 300 ## - PHYSICAL DESCRIPTION | |
| Extent | 176 P., |
| Withdrawn status | Lost status | Damaged status | Not for loan | Permanent Location | Current Location | Date acquired | Cost, normal purchase price | Total Checkouts | Full call number | Barcode | Date last seen | Date last checked out | Price effective from | Koha item type |
|---|---|---|---|---|---|---|---|---|---|---|---|---|---|---|
| BMS College of Architecture, Design and Planning | BMS College of Architecture, Design and Planning | 2020-03-03 | 350.00 | 2 | 954.792 | CL-UG44863 | 2023-04-10 | 2023-03-31 | 2020-03-03 | UG Books from CL |